00395 a2200121 4500020001500000050001700015100002600032245010700058264005600165300001200221500001900233650002100252 a9772391112 aJC599AZZ1996 aAzzam Fateh Seauthor aArab constitutional guarantees of civil and politicl rights :ba comparative analysis /cFateh S Azzam aHeliopolis Cairo:bDar EL-Mostaqbal AL Arabi,c1996 a134p. : aincludes index apolitical rights